000
00251nam a2200109Ia 4500
008
220120s9999||||xx |||||||||||||| ||und||
082
_a
624 BHA
100
_a
Bhavikatti, B.S
245
0
_a
Elements of civil engineering
260
_c
2007
300
_b
0
999
_c
136290
_d
136290